• 首页
  • 本馆介绍
  • 公告通知
  • 最新文献
  • 馆藏检索
  • 电子资源
  • 读者导购
  • 参考咨询
  • 我的图书馆
  • 登录
  • 详细信息显示
  • 放入我的书架
  • 预约/预借图书
  • 作者相关作品
  • 分类相关作品
  • 丛书相关作品
  • 出版社相关作品

书目信息

  • 表格格式
  • 工作单格式
  • 卡片格式
题名:
弗吉尼亚·伍尔夫与女权主义
    
 
作者: 吴庆宏 著
分册:  
出版信息: 北京   中国社会科学出版社  2005
页数: 204页
开本: 20cm
丛书名: 中国社会科学博士论文文库
单 册:
中图分类: D440
科图分类:
主题词:
电子资源:
ISBN: 7-5004-4992-5
000 01723nam0 2200337 450
000 01686nam0 2200325 450
000 01656nam0 2200325 450
000 01602nam0 2200301 450
000 01631nam0 2200289 450
000 01594nam0 2200277 45
001 TS2006025737
005 20070106160426.43
010    @a7-5004-4992-5@dCNY17.00
100    @a20060829d2005 ekmy0chiy0120 ea
101 0  @achi
102    @aCN@b110000
105    @ac a 000yy
200 1  @a弗吉尼亚·伍尔夫与女权主义@AFu Ji Ni Ya· Wu Er Fu Yu Nu^ Quan Zhu Yi@f吴庆宏著@FWu Qing Hong Zhu
210    @a北京@c中国社会科学出版社@d2005
215    @a204页@c肖像@d20cm
225 2  @a中国社会科学博士论文文库
320    @a有书目 (第195-204页)
330    @a女权主义是西方一个重要的政治思潮,涉及西方政治、经济、文化、教育等各个领域。本书认为,弗吉尼亚·伍尔夫在女权主义发展史上具有承上启下的关键作用。其一,她不仅继承了早期的旧女权主义的核心思想,坚持男女应享有平等的政治、经济和文化等方面的法律权利,还特别强调女性必须彻底摆脱父权制思想观念的束缚,丰富和发展其特性,发出不同于男性的声音,从而实现了由强调男女法律上平权的旧女权主义向解构男性政治思想文化霸权、确立女性视角的新女权主义的转变,为20世纪60年代末新女权主义的发展提供了一种思想理论基础。其二,她在对妇女解放的思考中,主张最终消除男女的二元对立,摆脱形而上学的性别划分,并且把目光投注到女性内部的阶级差异上,由此预示了20世纪90年代以来女权主义的发展方向。
410  0 @12001 @a中国社会科学博士论文文库
600  0 @a伍尔夫@x女权运动@x研究
690    @aD440@v4
701  0 @a吴庆宏@AWu Qing Hong@4著
801  0 @aCN@b中图数据@c20070106
905    @a10447@dD440@e14
    
    弗吉尼亚·伍尔夫与女权主义/吴庆宏著.-北京:中国社会科学出版社,2005
    204页:肖像;20cm.-(中国社会科学博士论文文库)
    
    
    ISBN 7-5004-4992-5:CNY17.00
    女权主义是西方一个重要的政治思潮,涉及西方政治、经济、文化、教育等各个领域。本书认为,弗吉尼亚·伍尔夫在女权主义发展史上具有承上启下的关键作用。其一,她不仅继承了早期的旧女权主义的核心思想,坚持男女应享有平等的政治、经济和文化等方面的法律权利,还特别强调女性必须彻底摆脱父权制思想观念的束缚,丰富和发展其特性,发出不同于男性的声音,从而实现了由强调男女法律上平权的旧女权主义向解构男性政治思想文化霸权、确立女性视角的新女权主义的转变,为20世纪60年代末新女权主义的发展提供了一种思想理论基础。其二,她在对妇女解放的思考中,主张最终消除男女的二元对立,摆脱形而上学的性别划分,并且把目光投注到女性内部的阶级差异上,由此预示了20世纪90年代以来女权主义的发展方向。
●
相关链接 在E读中查询图书 在五车中查询图书 在当当中查询图书 在豆瓣中查询图书


正题名:弗吉尼亚·伍尔夫与女权主义     索取号:D440/14         预约/预借

序号 登录号 条形码 馆藏地/架位号 状态 备注
1 0606079   206060796   第一样本阅览室/ [索取号:D440/14] 在馆    
2 0606080   206060803   第一借阅区/ [索取号:D440/14] 在馆    
3 0606081   206060812   第一借阅区/ [索取号:D440/14] 在馆    
4 0606082   206060821   第一借阅区/ [索取号:D440/14] 在馆    
5 0606083   206060830   第一借阅区/ [索取号:D440/14] 在馆    
6 0606084   206060849   第一借阅区/ [索取号:D440/14] 在馆    
唐山师范学院图书馆 欢迎您!
大连网信软件有限公司© 版权所有